Guaranteed income for life : how variable annuities can cut your taxes, pay you every year of your life, and bring you financial peace of mind /

Bibliographic Details
Main Author: Lane, Michael F., 1967-
Corporate Author: NetLibrary, Inc
Format: eBook
Language:English
Published: New York : McGraw-Hill, [1999]
Subjects:
Online Access:Connect to the full text of this electronic book

MARC

Tag First Indicator Second Indicator Subfields
LEADER 00000cam a2200000La 4500
001 in00001584792
005 20220103183221.0
006 m u
007 cr cn-
008 001006s1999 nyua s 001 0 eng d
010 |z  98003163  
020 |a 0585089884 (electronic bk.) 
020 |z 0070382972 
035 |a (OCoLC)ocm42636854 
040 |a N$T  |c N$T  |d OCL  |d UtOrBLW 
049 |a IKMN 
050 1 4 |a HG8790  |b .L345 1999eb 
082 0 4 |a 368.3/75  |2 21 
100 1 |a Lane, Michael F.,  |d 1967-  |0 http://id.loc.gov/authorities/names/n98016355 
245 1 0 |a Guaranteed income for life :  |b how variable annuities can cut your taxes, pay you every year of your life, and bring you financial peace of mind /  |c Michael F. Lane. 
264 1 |a New York :  |b McGraw-Hill,  |c [1999] 
264 4 |c ©1999 
300 |a xii, 244 pages :  |b illustrations ;  |c 23 cm. 
336 |a text  |b txt  |2 rdacontent 
337 |a computer  |b c  |2 rdamedia 
338 |a online resource  |b cr  |2 rdacarrier 
500 |a Includes index. 
533 |a Electronic reproduction.  |b Boulder, Colo. :  |c NetLibrary,  |d 1999.  |n Available via the World Wide Web.  |n Available in multiple electronic file formats.  |n Access may be limited to NetLibrary affiliated libraries. 
500 |a Electronic resource. 
650 0 |a Variable annuities.  |0 http://id.loc.gov/authorities/subjects/sh85142083 
655 7 |a Electronic books.  |2 local 
710 2 |a NetLibrary, Inc.  |0 http://id.loc.gov/authorities/names/no99080690 
776 1 |c Original  |w (DLC) 98003163  |w (OCoLC)38504248 
856 4 1 |u https://proxy.library.tamu.edu/login?url=http://www.netlibrary.com/urlapi.asp?action=summary&v=1&bookid=6976  |z Connect to the full text of this electronic book  |t 0 
994 |a 92  |b IKM 
999 |a MARS 
999 f f |s 54219a37-cd4c-33c1-9b0d-895f845a8bef  |i 184bfe71-080a-37c7-9d40-cba02ae4f79b  |t 0 
952 f f |a Texas A&M University  |b College Station  |c Electronic Resources  |d Available Online  |t 0  |e HG8790 .L345 1999eb  |h Library of Congress classification 
998 f f |a HG8790 .L345 1999eb  |t 0  |l Available Online